书目信息 |
| 题名: |
外国美术名家传
|
|
| 作者: | 邵大箴 , 奚静之 主编 | |
| 分册: | 下册 | |
| 出版信息: | 桂林 广西师范大学出版社 2003 |
|
| 页数: | 306-611页 | |
| 开本: | 21cm | |
| 丛书名: | 贝贝特艺术广场 | |
| 单 册: | ||
| 中图分类: | K815.72 | |
| 科图分类: | ||
| 主题词: | 美术家--列传--外国 | |
| 电子资源: | ||
| ISBN: | 7-5633-3845-4 | |
| 000 | 00860oam2 2200253 45 | |
| 001 | 002361225 | |
| 005 | 20050321102936.3 | |
| 010 | @a7-5633-3845-4@dCNY39.80 | |
| 100 | @a20030519d2003 em y0chiy0110 ea | |
| 101 | 0 | @achi |
| 102 | @aCN@b450000 | |
| 105 | @ay z 000yc | |
| 200 | 1 | @a外国美术名家传@Awai guo mei shu ming jia chuan@h下册@f邵大箴,奚静之主编@FShao Da Zhen,Xi Jing Zhi Zhu Bian |
| 210 | @a桂林@c广西师范大学出版社@d2003 | |
| 215 | @a306-611页@d21cm | |
| 225 | 2 | @a贝贝特艺术广场@i绘画艺术书系 |
| 330 | @a本书收入了世界各国一百多位著名美术家的传记,重点对每一位画家的成长历程、著名代表作及艺术流派作了简明扼要的介绍。 | |
| 410 | @12001 @a绘画艺术书系 | |
| 606 | 0 | @a美术家@x列传@y外国 |
| 690 | @aK815.72@v4 | |
| 701 | 0 | @a邵大箴@4主编 |
| 701 | 0 | @a奚静之@4主编 |
| 801 | 0 | @aCN@bNLC@c20030729 |
| 905 | @b345667-670@dK815.72@e75:2@f4 | |
| 外国美术名家传.下册/邵大箴,奚静之主编.-桂林:广西师范大学出版社,2003 |
| 306-611页;21cm.-(贝贝特艺术广场.绘画艺术书系) |
| ISBN 7-5633-3845-4:CNY39.80 |
| 本书收入了世界各国一百多位著名美术家的传记,重点对每一位画家的成长历程、著名代表作及艺术流派作了简明扼要的介绍。 |
| ● |
| 相关链接 |
|
|
|
|
正题名:外国美术名家传
索取号:K815.72/75:2
 
预约/预借
| 序号 | 登录号 | 条形码 | 馆藏地/架位号 | 状态 | 备注 |
| 1 | 0345667 | 203456679 | 第二样本阅览室/ [索取号:K815.72/75:2] | 在馆 | |
| 2 | 0345668 | 203456688 | 第二借阅区/ [索取号:K815.72/75:2] | 在馆 | |
| 3 | 0345669 | 203456697 | 第二借阅区/ [索取号:K815.72/75:2] | 在馆 | |
| 4 | 0345670 | 203456704 | 第二借阅区/ [索取号:K815.72/75:2] | 在馆 |